| 000 | 00522nam a2200181Ia 4500 | ||
|---|---|---|---|
| 005 | 20250423100905.0 | ||
| 008 | 250422s9999 xx 000 0 und d | ||
| 020 | _a9783412280 | ||
| 050 | _aTP 155.2.M35 .O35/ | ||
| 100 | _aOdigure, Joseph Obofoni | ||
| 245 | 0 | _aSelected publications on mathematical modeling, cement technology and process design | |
| 260 | _aMinna | ||
| 260 | _bJodigs and Associates | ||
| 260 | _c2009 | ||
| 300 | _a247 p | ||
| 650 | _a Chemical engineering--Mathematical models. | ||
| 942 | _cBK | ||
| 999 |
_c34653 _d34653 |
||